Ciencias de la naturaleza 7: (Registro nro. 9561)

Detalles MARC
000 -LEADER
fixed length control field 01156nam a2200277 a 4500
001 - CONTROL NUMBER
control field 000354
003 - CONTROL NUMBER IDENTIFIER
control field DO-SdBNP
005 - DATE AND TIME OF LATEST TRANSACTION
control field 20160428144711.0
007 - PHYSICAL DESCRIPTION FIXED FIELD--GENERAL INFORMATION
fixed length control field 000354
008 - FIXED-LENGTH DATA ELEMENTS--GENERAL INFORMATION
fixed length control field 150130s2001 dr a 000 0 spa d
040 ## - CATALOGING SOURCE
Original cataloging agency BPMSU
Language of cataloging spa
Transcribing agency BPMSU
092 ## - LOCALLY ASSIGNED DEWEY CALL NUMBER (OCLC)
Classification number 372.257
Item number C569N, 7mo. 2001
245 00 - TITLE STATEMENT
Title Ciencias de la naturaleza 7:
Remainder of title educación básica /
260 ## - PUBLICATION, DISTRIBUTION, ETC. (IMPRINT)
Place of publication, distribution, etc. Santo Domingo :
Name of publisher, distributor, etc. Secretaría de Estado de Educación,
Date of publication, distribution, etc. 2001.
300 ## - PHYSICAL DESCRIPTION
Extent 212 p. :
Other physical details il.;
Dimensions 28 cm.
500 ## - GENERAL NOTE
General note La presente ha sido contratada por la Secretaría de Estado de Educación (SEE) y está destinada al sistema educativo oficial.
505 1# - FORMATTED CONTENTS NOTE
Title La ecología en tu vida --
-- Regulación, herencia y variación de los seres vivos --
-- Conociendo los elementos y compuestos químicos --
-- La energía térmica y sus efectos --
650 ## - SUBJECT ADDED ENTRY--TOPICAL TERM
Topical term or geographic name as entry element CIENCIAS NATURALES
General subdivision ENSEÑANZA BÁSICA
650 ## - SUBJECT ADDED ENTRY--TOPICAL TERM
Topical term or geographic name as entry element CIENCIAS NATURALES
General subdivision EDUCACIÓN PRIMARIA
650 ## - SUBJECT ADDED ENTRY--TOPICAL TERM
Topical term or geographic name as entry element EDUCACIÓN PRIMARIA
650 ## - SUBJECT ADDED ENTRY--TOPICAL TERM
Topical term or geographic name as entry element CIENCIAS NATURALES
Geographic subdivision REPÚBLICA DOMINICANA
650 ## - SUBJECT ADDED ENTRY--TOPICAL TERM
Topical term or geographic name as entry element CIENCIAS NATURALES
General subdivision LIBROS DE TEXTO
650 ## - SUBJECT ADDED ENTRY--TOPICAL TERM
Topical term or geographic name as entry element CIENCIAS NATURALES
General subdivision ESTUDIOS Y EJERCICIOS
942 ## - ADDED ENTRY ELEMENTS (KOHA)
Source of classification or shelving scheme Dewey Decimal Classification
Koha item type Libros
956 ## - LOCAL ELECTRONIC LOCATION AND ACCESS (OCLC)
Host name YLOCKWARD
Access number 10
Existencias
Withdrawn status Lost status Source of classification or shelving scheme Damaged status Not for loan Collection code Home library Current library Date acquired Source of acquisition Total Checkouts Barcode Date last seen Price effective from Koha item type
    Dewey Decimal Classification       Biblioteca Pública Metropolitana Salomé Ureña Biblioteca Pública Metropolitana Salomé Ureña 04/28/2016 Donación   BPMSU16040775 04/28/2016 04/28/2016 Libros